| 000 | 00362nam a2200145 i 4500 | ||
|---|---|---|---|
| 001 | bg | ||
| 100 | 1 | _aWieschemann, Paul Gerhard. | |
| 245 | 0 |
_aBeton Konstruktionen im Hochbau / _cP. Wieschemann, K. Gatz. |
|
| 260 |
_aMünchen, _c1968. |
||
| 700 | 1 | _aGatz, Konrad. | |
| 040 | _cBPK | ||
| 041 | _apol | ||
| 942 | _cKS | ||
| 008 | s pl f |000 0 pol | ||
| 999 |
_c8732 _d8732 |
||
| 856 |
_uhttp://koha.tu.koszalin.pl/cgi-bin/koha/opac-detail.pl?biblionumber=8732 _yKatalog online BPK |
||